000 00622nam a2200241Ia 4500
003 OSt
005 20220918214849.0
006 a|||||r|||| 00| 0
007 ta
008 220917b |||||||| |||| 00| 0 eng d
024 _a139,177
037 _cTextual
040 _aARTS
_cARTS
_beng
041 _2eng
_aeng
082 _aY:1.2.C5, J5
100 _aZoysa A P
_9132628
245 0 _aIndian culture in the days of the Buddha
260 _aColombo
_bM D Gunasena
_c1955
300 _a135p.
_ccm.
650 _aSOCIOLOGY
942 _hY:1.2.C5, J5
_cTEXL
_2CC
999 _c262186
_d262186